Statistiques concernant Culture Générale - Série 1791

Cliquez ici pour prendre le quiz!

Statistiques générales

  • Ce quiz a été pris 171 fois
  • Le résultat moyen est 3 sur 10

Statistiques - réponses

QuestionRéponse% Correct
Comment appelle-t-on familièrement un surveillant de collège ou de lycée ?pion
94%
Comment s'appelle la femelle du lièvre ?hase
84%
Comment appelle-t-on la boisson très populaire en Amérique latine,voisine du thé ?maté
39%
Familièrement on appelle le dernier verre que l'on boit avant de partir : " le coup de l' ....étrier
23%
Quel était le prénom de l'écrivain français Déon (1919-2016) ?Michel
19%
A quelle famille appartient l'oiseau appelé "sacre" ?rapaces
17%
Compléter le nom de ce chien originaire du Royaume Uni : "airedale....terrier
15%
Un éléis ou aeleis est un arbre de la famille des ...palmiers
13%
Familièrement, comment appelle-t-on une grande paresse ?cosse
8%
Dans la mythologie grecque, comment s'appelait le jeune berger sicilien, amoureux de la néreide Galatée ?Acis
7%

Distribution des résultats

Percentile par nombre de réponses

% des personnes avec chaque résultat

Votre développement - résultats

Vous n’avez pas pris ce quiz